000 00307nam a22001337a 4500
008 170731b xxu||||| |||| 00| 0 eng d
020 _a138153736
041 _aeng
080 _22ND
_a004
100 _a32
101 _aSHK
245 _aTHE SNOBOL 4 PROGRAMMING LANGUAGE
_cGRISWOLD,R.E
942 _2udc
_cBK
999 _c22194
_d22194